|
|
|
|
| LEADER |
00000nam0a2200000 4500 |
| 001 |
99110 |
| 005 |
20231031111548.0 |
| 010 |
|
|
|a 5710789941
|
| 035 |
|
|
|a (RuTPU)RU\TPU\book\106302
|
| 090 |
|
|
|a 99110
|
| 100 |
|
|
|a 20060628d2005 m y0rusy50 ca
|
| 101 |
0 |
|
|a rus
|
| 102 |
|
|
|a RU
|
| 105 |
|
|
|a a j 001zy
|
| 200 |
1 |
|
|a Биоорганическая химия
|e учебник
|f Н. А. Тюкавкина, Ю. И. Бауков
|
| 205 |
|
|
|a 4-е изд., стер.
|
| 210 |
|
|
|a Москва
|c Дрофа
|d 2005
|
| 215 |
|
|
|a 544 с.
|c ил.
|
| 225 |
1 |
|
|a Высшее образование: Современный учебник
|
| 320 |
|
|
|a Библиогр.: с. 525.
|
| 320 |
|
|
|a Предметный указатель: с. 526-539.
|
| 330 |
|
|
|a Основная особенность учебника — сочетание медицинской направленности этого химического курса, необходимого для студентов-медиков, с его высоким, фундаментальным научным уровнем. В книгу включен базисный материал по строению и реакционной способности органических соединений, в том числе биополимеров, являющихся структурными компонентами клетки, а также основных метаболитов и низкомолекулярных биорегуляторов. Особое внимание уделено соединениям и реакциям, имеющим аналогии в живом организме, усилен акцент на освещение биологической роли важных классов соединений, расширен спектр современных сведений экологического и токсикологического характера. Для студентов вузов, обучающихся по специальностям 040100 Лечебное дело, 040200 Педиатрия, 040300 Медико-профилактическое дело, 040400 Стоматология.
|
| 610 |
1 |
|
|a биорганическая химия
|
| 610 |
1 |
|
|a органические соединения
|
| 610 |
1 |
|
|a химическая связь
|
| 610 |
1 |
|
|a стереоизомерия
|
| 610 |
1 |
|
|a химические реакции
|
| 610 |
1 |
|
|a кислотные свойства
|
| 610 |
1 |
|
|a основные средства
|
| 610 |
1 |
|
|a реакционные способности
|
| 610 |
1 |
|
|a биологическое функционирование
|
| 610 |
1 |
|
|a углеводороды
|
| 610 |
1 |
|
|a радикальные реакции
|
| 610 |
1 |
|
|a электрофильные реакции
|
| 610 |
1 |
|
|a нуклеофильное замещение
|
| 610 |
1 |
|
|a карбонильные соединения
|
| 610 |
1 |
|
|a нуклеофильные реакции
|
| 610 |
1 |
|
|a окисление
|
| 610 |
1 |
|
|a восстановление
|
| 610 |
1 |
|
|a полифункциональные соединения
|
| 610 |
1 |
|
|a гетерофункциональные соединения
|
| 610 |
1 |
|
|a гетероциклические соединения
|
| 610 |
1 |
|
|a биополимеры
|
| 610 |
1 |
|
|a аминокислоты
|
| 610 |
1 |
|
|a пептиды
|
| 610 |
1 |
|
|a белки
|
| 610 |
1 |
|
|a углеводы
|
| 610 |
1 |
|
|a нуклеотиды
|
| 610 |
1 |
|
|a нуклеиновые кислоты
|
| 610 |
1 |
|
|a липиды
|
| 610 |
1 |
|
|a низкомолекулярные биорегуляторы
|
| 610 |
1 |
|
|a учебники
|
| 675 |
|
|
|a 577.1(075.8)
|v 3
|
| 700 |
|
1 |
|a Тюкавкина
|b Н. А.
|g Нонна Арсеньевна
|
| 701 |
|
1 |
|a Бауков
|b Ю. И.
|g Юрий Иванович
|
| 801 |
|
1 |
|a RU
|b 63413507
|c 20060628
|g PSBO
|
| 801 |
|
2 |
|a RU
|b 63413507
|c 20061222
|g PSBO
|
| 900 |
|
|
|a Биология
|
| 900 |
|
|
|a Органическая химия
|
| 900 |
|
|
|a Органическая химия и основы биохимии
|
| 942 |
|
|
|c BK
|
| 952 |
|
|
|b 060100
|
| 959 |
|
|
|a 59/20060626
|d 1
|e 340,00
|f ЧЗТЛ:1
|